vocabulaire economique d'anglais - Statistiques

Statistiques générales
  • Ce quiz a été pris 50 fois
  • Le résultat moyen est 13 sur 55
Statistiques - réponses
Hint Réponse % Correct
le pétrole oil
56%
un critère a criterion
48%
renouvelables renewable
48%
innovant innovative
44%
le loisir leisure
44%
peu probable unlikely
44%
l'hotellerie hospitality
40%
les matières premières raw materials
40%
une croyance commune a common belief
36%
exigeant demanding
36%
la fabrication manufacturing
36%
... d'entreprise corporate
32%
le service postal the postal service
32%
mettre en avant to highlight
32%
fabriquer to manufacture
32%
chercher (à faire quelque chose) to seek
32%
une soupe populaire a soup kitchen
28%
financer to fund
28%
implémenter to implement
28%
les fournisseurs utilities
28%
un régime d'avantage a benefit plan
24%
un café-restaurant a diner
24%
résiliation a termination
24%
l'echelle de l'entreprise corporate ladder
24%
l'exploitation forestière forestry
24%
le secteur quaternaire the quaternary sector
24%
être en voyage d'affaires to be away on business
24%
s'occuper de ses affaires to mind one's own business
24%
l'énergie éolienne wind power
24%
un syndicat a labour union
20%
une période d'essai a probationary period
20%
un ralentissement a slowing
20%
une possibilité de formation a training opportunity
20%
de façon impartiale impartially
20%
comme sur des roulettes smoothly
20%
s'assurer de to ensure
20%
un président ( dans une reunion) a chairperson
16%
la vente retail
16%
faire payer to charge
16%
diminuer les prix to drive down prices
16%
mettre l'accent sur to emphasize
16%
accorder to grant
16%
traiter/transformer to process
16%
digne/méritant worthy
16%
un fonctionnaire a civil service worker
12%
une ambition an aspiration
12%
complet/exhaustif comprehensive
12%
les droits entitlements
12%
l'inclusivité inclusiveness
12%
un particulier a private individual
8%
les biens gouvernementaux governmental assets
8%
virer to dismiss
8%
autonome self governing
4%
être constitué de to be comprised of
4%
tirer profit de to leverage
0%
Aucun quiz correspondant
Distribution des résultats
% des personnes avec chaque résultat
Percentile par nombre de réponses
Votre historique - résultats
Vous n’avez pas pris ce quiz